Kdy nastane konjunktura?

Depresia, do ktorej sa dostali vyspelé krajiny sveta v r. 1991. Snahy nájsť spôsob ako obnoviť hospodársky rast. Cyklický vývoj trhovej ekonomiky. Faktory, ktoré modifikujú cyklus. Prognózovanie budúceho vývoja konjunktúry. Široká škála konjunktúrnych ukazovateľov trhu.

Na minha lista:
Detalhes bibliográficos
Autor principal: Fialová, H.
Formato: Capítulo de Livro
Idioma:tcheco
Assuntos:
Tags: Adicionar Tag
Sem tags, seja o primeiro a adicionar uma tag!

MARC

LEADER 00000naa a2200000 4500
001 r000904
005 20221205085950.8
041 0 |a cze 
044 |a CZ 
245 1 0 |a Kdy nastane konjunktura?  |c H. Fialová 
520 |a Depresia, do ktorej sa dostali vyspelé krajiny sveta v r. 1991. Snahy nájsť spôsob ako obnoviť hospodársky rast. Cyklický vývoj trhovej ekonomiky. Faktory, ktoré modifikujú cyklus. Prognózovanie budúceho vývoja konjunktúry. Široká škála konjunktúrnych ukazovateľov trhu. 
610 2 0 |a konjunktúra 
610 2 0 |a hospodárstvo svetové 
610 2 0 |a depresia 
610 2 0 |a cykly hospodárske 
100 1 |a Fialová, H.